| 000 | 01139cam a22003014a 4500 | ||
|---|---|---|---|
| 001 | 12001883 | ||
| 003 | OSt | ||
| 005 | 20240617115653.0 | ||
| 008 | 000509s2000 caua b 001 0 eng | ||
| 010 | _a 00104372 | ||
| 020 | _a0123822513 | ||
| 040 | _cMUST | ||
| 042 | _apcc | ||
| 082 | 0 | 0 |
_a510.212 _222 |
| 100 | 1 |
_aJeffrey, Alan. _93240 |
|
| 245 | 1 | 0 |
_aHandbook of mathematical formulas and integrals / _cAlan Jeffrey. |
| 250 | _a2nd ed. | ||
| 260 |
_aSan Diego : _bAcademic Press, _cc2000. |
||
| 300 |
_axxvi, 433 p. : _bill. ; _c24 cm. |
||
| 504 | _aIncludes bibliographical references (p. 419-421) and index. | ||
| 650 | 0 |
_aMathematics _xTables. _917345 |
|
| 650 | 0 |
_aMathematics _xFormulae. _917346 |
|
| 856 | 4 | 2 |
_3Publisher description _uhttp://www.loc.gov/catdir/description/els031/00104372.html |
| 856 | 4 | 1 |
_3Table of contents _uhttp://www.loc.gov/catdir/toc/els031/00104372.html |
| 906 |
_a7 _bcbc _corignew _d2 _eepcn _f20 _gy-gencatlg |
||
| 942 |
_2ddc _cO_SHELF |
||
| 999 |
_c8542 _d8542 |
||